[Event "DVM U20 2022"]
[Site "Münster GER"]
[Date "2022.12.28"]
[Round "4"]
[White "Kauth, Lukas"]
[Black "Grunwald, Jonathan"]
[Result "0-1"]
[Termination "normal"]
[Board "8.4"]
[WhiteElo "1488"]
[BlackElo "1791"]
[WhiteClock "01:06:36"]
[BlackClock "00:32:03"]
[WhiteTeam "SK Bebenhausen 1992"]
[BlackTeam "Biebertaler Schachfreunde"]
[PlyCount "148"]
[WhiteFideId "16272994"]
[BlackFideId "12955744"]
[EventCountry "GER"]
[EventRounds "7"]
[EventType "team-swiss"]
[EventDate "2022.12.26"]

1. c4 {[%clk 01:30:13]} {[%emt 00:00:46]} e5 {[%clk 01:30:13]} {[%emt
00:00:47]} 2. g3 {[%clk 01:30:30]} {[%emt 00:00:14]} Nc6 {[%clk 01:30:08]}
{[%emt 00:00:35]} 3. Bg2 {[%clk 01:30:44]} {[%emt 00:00:17]} f5 {[%clk
01:30:29]} {[%emt 00:00:09]} 4. Nc3 {[%clk 01:30:48]} {[%emt 00:00:25]} Nf6
{[%clk 01:30:47]} {[%emt 00:00:12]} 5. e3 {[%clk 01:30:56]} {[%emt 00:00:23]}
Bb4 {[%clk 01:28:49]} {[%emt 00:02:27]} 6. Nge2 {[%clk 01:31:03]} {[%emt
00:00:24]} Bxc3 {[%clk 01:27:47]} {[%emt 00:01:32]} 7. bxc3 {[%clk 01:31:03]}
{[%emt 00:00:29]} d6 {[%clk 01:27:03]} {[%emt 00:01:14]} 8. O-O {[%clk
01:31:19]} {[%emt 00:00:14]} O-O {[%clk 01:25:19]} {[%emt 00:02:14]} 9. d4
{[%clk 01:30:47]} {[%emt 00:01:02]} Qe8 {[%clk 01:21:08]} {[%emt 00:04:41]} 10.
d5 {[%clk 01:29:09]} {[%emt 00:02:09]} Na5 {[%clk 01:17:12]} {[%emt 00:04:26]}
11. c5 {[%clk 01:26:25]} {[%emt 00:03:15]} dxc5 {[%clk 01:02:38]} {[%emt
00:15:04]} 12. Ba3 {[%clk 01:20:55]} {[%emt 00:06:00]} b6 {[%clk 00:56:02]}
{[%emt 00:07:06]} 13. d6 {[%clk 01:05:13]} {[%emt 00:16:13]} Bb7 {[%clk
00:54:20]} {[%emt 00:02:11]} 14. dxc7 {[%clk 01:03:51]} {[%emt 00:01:53]} Bxg2
{[%clk 00:54:03]} {[%emt 00:00:47]} 15. Kxg2 {[%clk 01:04:20]} {[%emt
00:00:01]} Qc6 {[%clk 00:54:14]} {[%emt 00:00:18]} 16. Kg1 {[%clk 01:04:14]}
{[%emt 00:00:35]} Qxc7 {[%clk 00:54:23]} {[%emt 00:00:21]} 17. Qc2 {[%clk
01:04:33]} {[%emt 00:00:09]} g6 {[%clk 00:47:25]} {[%emt 00:07:30]} 18. c4
{[%clk 01:04:09]} {[%emt 00:00:55]} Rad8 {[%clk 00:46:29]} {[%emt 00:01:25]}
19. Rfd1 {[%clk 01:04:21]} {[%emt 00:00:19]} Rxd1 {[%clk 00:46:03]} {[%emt
00:00:56]} 20. Rxd1 {[%clk 01:04:38]} {[%emt 00:00:12]} Rd8 {[%clk 00:46:19]}
{[%emt 00:00:14]} 21. Rxd8 {[%clk 01:04:56]} {[%emt 00:00:12]} Qxd8 {[%clk
00:46:45]} {[%emt 00:00:04]} 22. Bb2 {[%clk 01:05:20]} {[%emt 00:00:05]} Nc6
{[%clk 00:46:16]} {[%emt 00:00:58]} 23. Qa4 {[%clk 01:05:10]} {[%emt 00:00:40]}
Qd7 {[%clk 00:41:38]} {[%emt 00:05:09]} 24. f4 {[%clk 01:04:30]} {[%emt
00:01:10]} Nd4 {[%clk 00:32:48]} {[%emt 00:09:19]} 25. Qxd7 {[%clk 01:03:55]}
{[%emt 00:01:05]} Nxe2 {[%clk 00:33:13]} {[%emt 00:00:06]} 26. Kf2 {[%clk
01:04:17]} {[%emt 00:00:06]} Nxd7 {[%clk 00:33:35]} {[%emt 00:00:10]} 27. Kxe2
{[%clk 01:04:44]} {[%emt 00:00:04]} e4 {[%clk 00:33:54]} {[%emt 00:00:10]} 28.
a4 {[%clk 01:04:54]} {[%emt 00:00:19]} Kf7 {[%clk 00:31:29]} {[%emt 00:02:55]}
29. h3 {[%clk 01:05:05]} {[%emt 00:00:20]} h5 {[%clk 00:31:15]} {[%emt
00:00:44]} 30. Bc3 {[%clk 01:05:02]} {[%emt 00:00:33]} Ke6 {[%clk 00:31:27]}
{[%emt 00:00:18]} 31. Bb2 {[%clk 01:05:14]} {[%emt 00:00:19]} Nb8 {[%clk
00:30:54]} {[%emt 00:01:03]} 32. Be5 {[%clk 01:05:31]} {[%emt 00:00:13]} Nc6
{[%clk 00:31:10]} {[%emt 00:00:14]} 33. Bc3 {[%clk 01:04:17]} {[%emt 00:01:45]}
Kd6 {[%clk 00:30:23]} {[%emt 00:01:16]} 34. Kd2 {[%clk 01:03:19]} {[%emt
00:01:28]} Nb4 {[%clk 00:29:10]} {[%emt 00:01:43]} 35. Be5 {[%clk 01:02:14]}
{[%emt 00:01:36]} Kc6 {[%clk 00:29:02]} {[%emt 00:00:38]} 36. Kc3 {[%clk
01:01:55]} {[%emt 00:00:49]} Nd3 {[%clk 00:28:01]} {[%emt 00:01:32]} 37. Bb8
{[%clk 01:02:02]} {[%emt 00:00:23]} a6 {[%clk 00:28:15]} {[%emt 00:00:16]} 38.
h4 {[%clk 01:02:09]} {[%emt 00:00:23]} Nf2 {[%clk 00:28:08]} {[%emt 00:00:36]}
39. Kc2 {[%clk 01:01:42]} {[%emt 00:00:53]} b5 {[%clk 00:27:27]} {[%emt
00:01:15]} 40. axb5 {[%clk 01:02:00]} {[%emt 00:00:13]} axb5 {[%clk 00:27:51]}
{[%emt 00:00:05]} 41. cxb5 {[%clk 01:02:19]} {[%emt 00:00:11]} Kxb5 {[%clk
00:28:16]} {[%emt 00:00:05]} 42. Ba7 {[%clk 01:02:40]} {[%emt 00:00:10]} Nd3
{[%clk 00:25:38]} {[%emt 00:03:08]} 43. Kd2 {[%clk 00:59:39]} {[%emt 00:03:30]}
Nb4 {[%clk 00:25:55]} {[%emt 00:00:13]} 44. Bb8 {[%clk 00:59:49]} {[%emt
00:00:19]} Nd5 {[%clk 00:26:15]} {[%emt 00:00:11]} 45. Be5 {[%clk 01:00:00]}
{[%emt 00:00:20]} Kb4 {[%clk 00:26:02]} {[%emt 00:00:42]} 46. Bd6 {[%clk
00:59:35]} {[%emt 00:00:55]} Kb5 {[%clk 00:25:52]} {[%emt 00:00:40]} 47. Be5
{[%clk 00:59:58]} {[%emt 00:00:08]} Ka4 {[%clk 00:26:04]} {[%emt 00:00:17]} 48.
Bd6 {[%clk 00:59:45]} {[%emt 00:00:44]} c4 {[%clk 00:26:27]} {[%emt 00:00:07]}
49. Bc5 {[%clk 00:59:53]} {[%emt 00:00:21]} Kb3 {[%clk 00:26:49]} {[%emt
00:00:08]} 50. Bd4 {[%clk 01:00:03]} {[%emt 00:00:19]} c3 {[%clk 00:26:46]}
{[%emt 00:00:34]} 51. Kc1 {[%clk 01:00:30]} {[%emt 00:00:04]} c2 {[%clk
00:26:40]} {[%emt 00:00:35]} 52. Kd2 {[%clk 00:59:24]} {[%emt 00:01:36]} Nb4
{[%clk 00:26:58]} {[%emt 00:00:12]} 53. Bc5 {[%clk 00:58:23]} {[%emt 00:01:31]}
Nd3 {[%clk 00:27:20]} {[%emt 00:00:08]} 54. Ba3 {[%clk 00:58:41]} {[%emt
00:00:12]} Kxa3 {[%clk 00:27:24]} {[%emt 00:00:25]} 55. Kxc2 {[%clk 00:59:07]}
{[%emt 00:00:04]} Kb4 {[%clk 00:27:45]} {[%emt 00:00:09]} 56. Kd2 {[%clk
00:59:28]} {[%emt 00:00:08]} Kb3 {[%clk 00:28:05]} {[%emt 00:00:11]} 57. Kd1
{[%clk 00:59:43]} {[%emt 00:00:14]} Kc3 {[%clk 00:28:26]} {[%emt 00:00:10]} 58.
Ke2 {[%clk 01:00:12]} {[%emt 00:00:02]} Kc2 {[%clk 00:28:43]} {[%emt 00:00:12]}
59. g4 {[%clk 01:00:20]} {[%emt 00:00:22]} hxg4 {[%clk 00:29:03]} {[%emt
00:00:10]} 60. h5 {[%clk 01:00:47]} {[%emt 00:00:03]} gxh5 {[%clk 00:29:25]}
{[%emt 00:00:08]} 61. Kf1 {[%clk 01:01:07]} {[%emt 00:00:11]} Kd2 {[%clk
00:29:15]} {[%emt 00:00:40]} 62. Kg2 {[%clk 01:01:35]} {[%emt 00:00:02]} Kxe3
{[%clk 00:29:38]} {[%emt 00:00:07]} 63. Kg3 {[%clk 01:02:03]} {[%emt 00:00:02]}
h4 {[%clk 00:29:50]} {[%emt 00:00:18]} 64. Kg2 {[%clk 01:02:25]} {[%emt
00:00:08]} Nxf4 {[%clk 00:30:09]} {[%emt 00:00:11]} 65. Kh1 {[%clk 01:02:51]}
{[%emt 00:00:04]} g3 {[%clk 00:29:57]} {[%emt 00:00:42]} 66. Kg1 {[%clk
01:03:16]} {[%emt 00:00:05]} h3 {[%clk 00:30:18]} {[%emt 00:00:09]} 67. Kh1
{[%clk 01:03:45]} {[%emt 00:00:01]} Kf3 {[%clk 00:30:15]} {[%emt 00:00:33]} 68.
Kg1 {[%clk 01:04:11]} {[%emt 00:00:05]} e3 {[%clk 00:30:08]} {[%emt 00:00:37]}
69. Kf1 {[%clk 01:04:30]} {[%emt 00:00:11]} Nd3 {[%clk 00:30:27]} {[%emt
00:00:11]} 70. Kg1 {[%clk 01:04:52]} {[%emt 00:00:08]} e2 {[%clk 00:30:51]}
{[%emt 00:00:07]} 71. Kh1 {[%clk 01:05:17]} {[%emt 00:00:06]} Ne5 {[%clk
00:31:16]} {[%emt 00:00:04]} 72. Kg1 {[%clk 01:05:45]} {[%emt 00:00:02]} Ng4
{[%clk 00:31:38]} {[%emt 00:00:08]} 73. Kh1 {[%clk 01:06:10]} {[%emt 00:00:05]}
g2 {[%clk 00:32:03]} {[%emt 00:00:05]} 74. Kg1 {[%clk 01:06:36]} {[%emt
00:00:04]} h2# {[%emt 00:00:03]} 1-0

[Event "DVM U20 2022"]
[Site "Münster GER"]
[Date "2022.12.28"]
[Round "4"]
[White "Peschel, Jan"]
[Black "Giannakoglou, Alexandros"]
[Result "0-1"]
[Termination "normal"]
[Board "8.5"]
[WhiteElo "1516"]
[BlackElo "1353"]
[WhiteClock "00:04:14"]
[BlackClock "00:03:07"]
[WhiteTeam "Biebertaler Schachfreunde"]
[BlackTeam "SK Bebenhausen 1992"]
[PlyCount "62"]
[WhiteFideId "16271629"]
[BlackFideId "4288580"]
[EventCountry "GER"]
[EventRounds "7"]
[EventType "team-swiss"]
[EventDate "2022.12.26"]

1. e4 {[%clk 01:30:54]} {[%emt 00:00:05]} e5 {[%clk 01:30:46]} {[%emt
00:00:14]} 2. Nf3 {[%clk 01:31:16]} {[%emt 00:00:08]} Nf6 {[%clk 01:30:41]}
{[%emt 00:00:36]} 3. Nc3 {[%clk 01:29:57]} {[%emt 00:01:49]} Nc6 {[%clk
01:28:58]} {[%emt 00:02:13]} 4. Bc4 {[%clk 01:28:09]} {[%emt 00:02:18]} Bc5
{[%clk 01:26:49]} {[%emt 00:02:38]} 5. O-O {[%clk 01:28:15]} {[%emt 00:00:24]}
O-O {[%clk 01:26:11]} {[%emt 00:01:07]} 6. d3 {[%clk 01:27:29]} {[%emt
00:01:16]} h6 {[%clk 01:24:35]} {[%emt 00:02:06]} 7. Be3 {[%clk 01:25:25]}
{[%emt 00:02:34]} Bb6 {[%clk 01:20:17]} {[%emt 00:04:49]} 8. Ne2 {[%clk
01:16:14]} {[%emt 00:09:42]} d6 {[%clk 01:15:22]} {[%emt 00:05:25]} 9. Ng3
{[%clk 01:13:44]} {[%emt 00:02:59]} Na5 {[%clk 01:07:47]} {[%emt 00:08:05]} 10.
Bb5 {[%clk 01:12:22]} {[%emt 00:01:53]} Bxe3 {[%clk 01:04:44]} {[%emt
00:03:32]} 11. fxe3 {[%clk 01:12:38]} {[%emt 00:00:14]} c6 {[%clk 01:04:24]}
{[%emt 00:00:50]} 12. Ba4 {[%clk 01:12:42]} {[%emt 00:00:27]} b5 {[%clk
01:03:39]} {[%emt 00:01:15]} 13. Bb3 {[%clk 01:13:05]} {[%emt 00:00:08]} Nxb3
{[%clk 01:04:00]} {[%emt 00:00:09]} 14. axb3 {[%clk 01:13:13]} {[%emt
00:00:21]} Qb6 {[%clk 01:02:49]} {[%emt 00:01:40]} 15. Qd2 {[%clk 01:08:11]}
{[%emt 00:05:34]} Re8 {[%clk 00:55:18]} {[%emt 00:08:00]} 16. Nh4 {[%clk
00:47:26]} {[%emt 00:21:15]} Ng4 {[%clk 00:36:59]} {[%emt 00:18:47]} 17. Rae1
{[%clk 00:47:04]} {[%emt 00:00:52]} Qd8 {[%clk 00:34:09]} {[%emt 00:03:19]} 18.
Nf3 {[%clk 00:45:09]} {[%emt 00:02:27]} d5 {[%clk 00:22:43]} {[%emt 00:11:57]}
19. h3 {[%clk 00:34:57]} {[%emt 00:10:42]} dxe4 {[%clk 00:18:53]} {[%emt
00:04:21]} 20. Nxe4 {[%clk 00:34:10]} {[%emt 00:01:16]} Nf6 {[%clk 00:18:07]}
{[%emt 00:01:16]} 21. Ng3 {[%clk 00:31:04]} {[%emt 00:03:36]} e4 {[%clk
00:13:42]} {[%emt 00:04:56]} 22. Nd4 {[%clk 00:28:21]} {[%emt 00:03:12]} exd3
{[%clk 00:12:15]} {[%emt 00:01:57]} 23. cxd3 {[%clk 00:27:21]} {[%emt
00:01:30]} Qc7 {[%clk 00:07:00]} {[%emt 00:05:44]} 24. Ngf5 {[%clk 00:23:11]}
{[%emt 00:04:41]} Bxf5 {[%clk 00:06:11]} {[%emt 00:01:19]} 25. Rxf5 {[%clk
00:23:28]} {[%emt 00:00:12]} Rad8 {[%clk 00:05:30]} {[%emt 00:01:10]} 26. Rc5
{[%clk 00:22:11]} {[%emt 00:01:47]} Qg3 {[%clk 00:03:50]} {[%emt 00:02:03]} 27.
Rxc6 {[%clk 00:14:02]} {[%emt 00:08:46]} Rxd4 {[%clk 00:03:47]} {[%emt
00:00:33]} 28. Re2 {[%clk 00:11:42]} {[%emt 00:02:50]} Rdd8 {[%clk 00:03:30]}
{[%emt 00:00:47]} 29. Ra6 {[%clk 00:10:15]} {[%emt 00:01:58]} Rd7 {[%clk
00:03:02]} {[%emt 00:00:55]} 30. d4 {[%clk 00:09:06]} {[%emt 00:01:42]} Rde7
{[%clk 00:02:54]} {[%emt 00:00:37]} 31. Rxa7 {[%clk 00:04:14]} {[%emt
00:05:23]} Rxa7 {[%clk 00:03:07]} {[%emt 00:00:17]} 0-1

[Event "DVM U20 2022"]
[Site "Münster GER"]
[Date "2022.12.28"]
[Round "4"]
[White "Andrei, Quentin"]
[Black "Röhm, Adrian"]
[Result "1-0"]
[Termination "normal"]
[Board "8.6"]
[WhiteElo "1262"]
[BlackElo "1474"]
[WhiteClock "00:25:10"]
[BlackClock "00:41:32"]
[WhiteTeam "SK Bebenhausen 1992"]
[BlackTeam "Biebertaler Schachfreunde"]
[PlyCount "55"]
[WhiteFideId "16255712"]
[BlackFideId "16213505"]
[EventCountry "GER"]
[EventRounds "7"]
[EventType "team-swiss"]
[EventDate "2022.12.26"]

1. e4 {[%clk 01:30:57]} {[%emt 00:00:02]} c6 {[%clk 01:30:50]} {[%emt
00:00:11]} 2. d4 {[%clk 01:31:26]} {[%emt 00:00:01]} d5 {[%clk 01:31:14]}
{[%emt 00:00:06]} 3. e5 {[%clk 01:31:54]} {[%emt 00:00:04]} Bf5 {[%clk
01:31:31]} {[%emt 00:00:11]} 4. h4 {[%clk 01:32:20]} {[%emt 00:00:05]} h6
{[%clk 01:31:43]} {[%emt 00:00:18]} 5. g4 {[%clk 01:32:40]} {[%emt 00:00:10]}
Bd7 {[%clk 01:31:33]} {[%emt 00:00:40]} 6. Bd3 {[%clk 01:32:27]} {[%emt
00:00:42]} e6 {[%clk 01:31:52]} {[%emt 00:00:10]} 7. f4 {[%clk 01:29:27]}
{[%emt 00:03:31]} c5 {[%clk 01:30:40]} {[%emt 00:01:42]} 8. Nf3 {[%clk
01:25:31]} {[%emt 00:04:26]} Nc6 {[%clk 01:27:41]} {[%emt 00:03:28]} 9. c3
{[%clk 01:23:45]} {[%emt 00:02:16]} a6 {[%clk 01:20:21]} {[%emt 00:07:50]} 10.
Nbd2 {[%clk 01:19:23]} {[%emt 00:04:52]} c4 {[%clk 01:19:23]} {[%emt 00:01:28]}
11. Bc2 {[%clk 01:19:31]} {[%emt 00:00:22]} b5 {[%clk 01:19:16]} {[%emt
00:00:36]} 12. Nf1 {[%clk 01:13:28]} {[%emt 00:06:32]} Nge7 {[%clk 01:07:03]}
{[%emt 00:12:45]} 13. Ng3 {[%clk 01:09:26]} {[%emt 00:04:32]} Qc7 {[%clk
01:05:33]} {[%emt 00:02:00]} 14. f5 {[%clk 00:58:45]} {[%emt 00:11:12]} O-O-O
{[%clk 01:04:52]} {[%emt 00:01:09]} 15. Qd2 {[%clk 00:56:22]} {[%emt 00:02:54]}
f6 {[%clk 01:03:59]} {[%emt 00:01:23]} 16. Qf4 {[%clk 00:51:56]} {[%emt
00:04:55]} Ng8 {[%clk 00:56:54]} {[%emt 00:07:36]} 17. Kf2 {[%clk 00:47:08]}
{[%emt 00:05:19]} fxe5 {[%clk 00:55:09]} {[%emt 00:02:14]} 18. dxe5 {[%clk
00:44:47]} {[%emt 00:02:51]} Qb6 {[%clk 00:53:21]} {[%emt 00:02:18]} 19. Be3
{[%clk 00:44:11]} {[%emt 00:01:07]} Bc5 {[%clk 00:53:28]} {[%emt 00:00:23]} 20.
Bxc5 {[%clk 00:44:04]} {[%emt 00:00:37]} Qxc5 {[%clk 00:53:51]} {[%emt
00:00:07]} 21. Nd4 {[%clk 00:43:15]} {[%emt 00:01:19]} Nge7 {[%clk 00:53:22]}
{[%emt 00:00:59]} 22. Kg2 {[%clk 00:42:38]} {[%emt 00:01:07]} Rhf8 {[%clk
00:50:20]} {[%emt 00:03:31]} 23. Rhf1 {[%clk 00:27:17]} {[%emt 00:15:52]} Ng6
{[%clk 00:47:52]} {[%emt 00:02:58]} 24. Qd2 {[%clk 00:25:12]} {[%emt 00:02:35]}
Ngxe5 {[%clk 00:44:50]} {[%emt 00:03:32]} 25. fxe6 {[%clk 00:25:15]} {[%emt
00:00:27]} Rxf1 {[%clk 00:44:04]} {[%emt 00:01:16]} 26. exd7 {[%clk 00:25:29]}
{[%emt 00:00:17]} Kxd7 {[%clk 00:43:28]} {[%emt 00:01:05]} 27. Rxf1 {[%clk
00:25:23]} {[%emt 00:00:37]} Kc7 {[%clk 00:41:32]} {[%emt 00:02:26]} 28. Ne6
{[%clk 00:25:10]} {[%emt 00:00:12]} 1-0